00509nam a2200145 a 450000100080000000500110000800800410001910000170006024500720007726000840014952000790023365000220031265000100033465300190034410314022020-01-15 2008 bl uuuu u00u1 u #d1 aMARIN, F. R. aCafeicultor tem de ficar atento à ferrugem.h[electronic resource] aO Estado de S. Paulo, São Paulo, 30 jan. 2008. Caderno Agrícola, p. 16.c2008 aExcesso de chuva impede a semeadura do milho safrinha. Doenças fúngicas. aBalanço hídrico aClima aMilho safrinha